000 00558nam a22001937a 4500
999 _c18846
_d18846
003 AR-CdUCM
008 190515b ||||| |||| 00| 0 spa d
040 _aMUNICIPALIDAD PROVINCIAL DEL CUSCO
_cBIBLIOTECA MUNICIPAL DEL CUSCO
082 _a869.56 /
_bT48
100 _aThorndike, Guillermo
_910334
245 _aNo, mi general /
260 _bMosca azul,
300 _a442 paginas ;
_c22 cm.
505 _aContenido :Literatura
650 _aLiteratura peruana
_9169
650 _aMi general
_939711
942 _2ddc
_cLIBROS
945 _awnts
_d2019-05-15